Computer and Information Sciences : (Record no. 92462)

MARC details
000 -LEADER
fixed length control field 01472nam a2200277Ii 4500
008 - FIXED-LENGTH DATA ELEMENTS--GENERAL INFORMATION
fixed length control field 221202s xx 000 0 und d
245 #0 - TITLE STATEMENT
Title Computer and Information Sciences :
Remainder of title 31st International Symposium, ISCIS 2016, Kraków, Poland, October 27 : 28, 2016, Proceedings : :
264 #1 - PRODUCTION, PUBLICATION, DISTRIBUTION, MANUFACTURE, AND COPYRIGHT NOTICE
Place of production, publication, distribution, manufacture Cham
Name of producer, publisher, distributor, manufacturer Springer Nature
Date of production, publication, distribution, manufacture, or copyright notice 2016
300 ## - PHYSICAL DESCRIPTION
Extent 1 online resource
336 ## - CONTENT TYPE
Content type term text
Content type code txt
Source rdacontent
337 ## - MEDIA TYPE
Media type term computer
Media type code c
Source rdamedia
338 ## - CARRIER TYPE
Carrier type term online resource
Carrier type code cr
Source rdacarrier
490 ## - SERIES STATEMENT
Series statement Communications in Computer and Information Science
Volume/sequential designation 659
520 ## - SUMMARY, ETC.
Summary, etc. Information Systems and Communication Service; Artificial Intelligence (incl. Robotics); Computer Communication Networks; Software Engineering/Programming and Operating Systems; Probability and Statistics in Computer Science; Computer Imaging, Vision, Pattern Recognition and Graphics
653 ## - INDEX TERM--UNCONTROLLED
Uncontrolled term Artificial Intelligence (Incl. Robotics)
653 ## - INDEX TERM--UNCONTROLLED
Uncontrolled term Computer Communication Networks
653 ## - INDEX TERM--UNCONTROLLED
Uncontrolled term Information Systems And Communication Service
653 ## - INDEX TERM--UNCONTROLLED
Uncontrolled term Probability And Statistics In Computer Science
653 ## - INDEX TERM--UNCONTROLLED
Uncontrolled term Software Engineering/Programming And Operating Systems
700 1# - ADDED ENTRY--PERSONAL NAME
Personal name Czachórski, Tadeusz
700 1# - ADDED ENTRY--PERSONAL NAME
Personal name Gelenbe, Erol
700 1# - ADDED ENTRY--PERSONAL NAME
Personal name Grochla, Krzysztof
700 1# - ADDED ENTRY--PERSONAL NAME
Personal name Lent, Ricardo
856 ## - ELECTRONIC LOCATION AND ACCESS
Uniform Resource Identifier <a href="https://docs.google.com/spreadsheets/d/1yKIrdCPDAG_9c22mwoOIO2DOhtj65Wqa/edit?usp=sharing&ouid=106555315294820607512&rtpof=true&sd=true ">https://docs.google.com/spreadsheets/d/1yKIrdCPDAG_9c22mwoOIO2DOhtj65Wqa/edit?usp=sharing&ouid=106555315294820607512&rtpof=true&sd=true </a>
Link text List of Curated E-Books
942 ## - ADDED ENTRY ELEMENTS (KOHA)
Koha item type E-Book

No items available.

University of Rizal System
Email us at univlibservices@urs.edu.ph

Visit our Website www.urs.edu.ph/library